Statistics for Pokémon Moves- Steel Type

Click here to take the quiz!

General Stats

  • This quiz has been taken 48 times
  • The average score is 17 of 37

Answer Stats

HintAnswer% Correct
IIIron Tail
95%
IIMetal Claw
95%
IVIron Head
84%
IIIMetal Sound
79%
VIIISteel Beam
79%
IISteel Wing
79%
IVFlash Cannon
68%
VGear Grind
63%
IIIIron Defense
63%
IVBullet Punch
58%
IVGyro Ball
58%
VHeavy Slam
58%
VIIIMax Steelspike
58%
IVMetal Burst
58%
IIIMeteor Mash
58%
VShift Gear
58%
VIIDouble Iron Bash
53%
VAutotomize
47%
IVMagnet Bomb
47%
IVMirror Shot
47%
VIICorkscrew Crash
42%
IIIDoom Desire
42%
VIKing's Shield
42%
IXGigaton Hammer
37%
VIISunsteel Strike
37%
VIIAnchor Shot
26%
IXSpin Out
26%
VIIIBehemoth Blade
21%
VIIGear Up
21%
VIIIShelter
21%
VIISmart Strike
21%
VIIIBehemoth Bash
16%
VIIIG-Max Steelsurge
16%
VIISearing Sunraze Smash
16%
VIIISteel Roller
16%
IXMake It Rain
11%
VIIIG-Max Meltdown
5%

Score Distribution

Percentile by Number Answered

Percent of People with Each Score

Your Score History

You have not taken this quiz